Jacques Hadamard : a universal mathematician /

Guardado en:
Autor Principal: Maz'ia, V. G.
Otros Autores: Shaposhnikova, T. O.
Formato: Libro
Idioma:English
Russian
French
Publicado: Providence, R.I. : London : American Mathematical Society ; London Mathematical Society, c1998.
Series:History of mathematics ; v. 14
Materias:
Etiquetas: Agregar Etiqueta
Sin Etiquetas, Sea el primero en etiquetar este registro!
LEADER 01142cam a2200289 a 4500
001 MAT.inmabb003504
008 970811s1998####enkac####b####001#0beng##
005 20130208162504.0
245 1 0 |a Jacques Hadamard :  |b a universal mathematician /  |c Vladimir Maz'ya, Tatyana Shaposhnikova. 
260 |a Providence, R.I. :  |b American Mathematical Society ;  |a London :  |b London Mathematical Society,  |c c1998. 
300 |a xxv, 574 p. :  |b il., retrs. ;  |c 27 cm. 
440 0 |a History of mathematics ;  |v v. 14 
500 |a "The main part of the text was translated from Russian and French or edited by Peter Basarab-Horwath." 
504 |a Incluye referencias bibliográficas (p. 511-557) e índice. 
510 4 |a MR,  |c 98m:01031 
020 |a 0821808419 
100 1 |a Maz'ia, V. G. 
700 1 |a Shaposhnikova, T. O. 
043 |a e-fr--- 
600 1 0 |a Hadamard, Jacques,  |d 1865-1963. 
650 0 |a Mathematicians  |z France  |x Biography. 
650 0 |a Mathematics  |z France  |x History  |y 20th century. 
084 |a 01A70 (01A60)  |2 msc2000 
010 |a  97036357  
040 |a DLC  |c DLC  |d DLC 
041 1 |a eng  |h rus  |h fre 
859 |h 01A70  |i H125  |p A-7652  |b BIB. MATEMATICA